书目信息 |
| 题名: |
旅游合同文本及相关法律规定
|
|
| 作者: | ;中国法制出版社 编 | |
| 分册: | ||
| 出版信息: | 北京 中国法制出版社 2003.02 |
|
| 页数: | 189页 | |
| 开本: | 20cm | |
| 丛书名: | 法律文书及相关规定丛书 | |
| 单 册: | ||
| 中图分类: | D923.64 , D922.296.9 | |
| 科图分类: | ||
| 主题词: | 旅游--经济合同--范文--中国 , 旅游业--法规--中国--汇编 | |
| 电子资源: | ||
| ISBN: | 7-80182-063-0 | |
| 000 | 00981nam 2200265 450 | |
| 001 | 0100530450 | |
| 005 | 20051130105245.28 | |
| 010 | @a7-80182-063-0@dCNY10.00 | |
| 100 | @a20030328d2003 em y0chiy0110 ea | |
| 101 | 0 | @achi |
| 102 | @aCN@b110000 | |
| 105 | @ay n 000yy | |
| 200 | 1 | @a旅游合同文本及相关法律规定@ALu You He Tong Wen Ben Ji Xiang Guan Fa Lu Gui Ding@f[中国法制出版社编]@F[zhong guo fa zhi chu ban she bian] |
| 210 | @a北京@c中国法制出版社@d2003.02 | |
| 215 | @a189页@d20cm | |
| 225 | 2 | @a法律文书及相关规定丛书@v25 |
| 330 | @a本书包括:第一部分,旅游合同文本,有六种合同的参考文本;第二部分,相关法律规定,有国家法律、国务院令、国家旅游局规定。 | |
| 410 | 0 | @12001 @a法律文书及相关规定丛书 |
| 606 | 0 | @a旅游@x经济合同@x范文@y中国 |
| 606 | 0 | @a旅游业@x法规@y中国@x汇编 |
| 690 | @aD923.64@v4 | |
| 690 | @aD922.296.9@v4 | |
| 711 | 02 | @a中国法制出版社@Azhong guo fa zhi chu ban she@4编 |
| 801 | 0 | @aCN@bQSSK@c20051130 |
| 905 | @a10447@dD923.64@eZ494:10 | |
| 旅游合同文本及相关法律规定/[中国法制出版社编].-北京:中国法制出版社,2003.02 |
| 189页;20cm.-(法律文书及相关规定丛书;25) |
| ISBN 7-80182-063-0:CNY10.00 |
| 本书包括:第一部分,旅游合同文本,有六种合同的参考文本;第二部分,相关法律规定,有国家法律、国务院令、国家旅游局规定。 |
| ● |
| 相关链接 |
|
|
|
正题名:旅游合同文本及相关法律规定
索取号:D923.64/Z494:10
 
预约/预借
| 序号 | 登录号 | 条形码 | 馆藏地/架位号 | 状态 | 备注 |
| 1 | 576933 | 205769337 | 社科库509/509社科库 94排2列1层/ [索取号:D923.64/Z494:10] | 在馆 | |
| 2 | 576934 | 205769346 | 社科库509/509社科库 94排2列1层/ [索取号:D923.64/Z494:10] | 在馆 | |
| 3 | 576935 | 205769355 | 社科库509/509社科库 94排2列1层/ [索取号:D923.64/Z494:10] | 在馆 |